MARC

LEADER 00000nam0a2200000 4500
001 167050
005 20231031162650.0
010 |a 5864080098 
020 |a RU  |b 92-29809 
035 |a (RuTPU)RU\TPU\book\181205 
090 |a 167050 
100 |a 20091012d1992 m y0rusy5003 ca 
101 1 |a rus  |c fre 
102 |a RU 
105 |a a z 000ay 
200 1 |a Сонеты  |f Ж. Дю Белле  |g вольный пер. с фр. С. Я. Бронин 
210 |a Москва  |c Скорпион  |d 1992 
215 |a 125,[2] с.  |c ил.  |d 17 см 
610 1 |a французская литература 
610 1 |a французская поэзия 
610 1 |a сонеты 
675 |a 84  |z rus 
700 1 |a Белле  |b Ж. Дю  |g Жоашен Дю  |4 070 
702 1 |a Бронин  |b С. Я.  |4 730 
801 0 |a RU  |b RuMRKP  |c 19950417  |g psbo 
801 1 |a RU  |b 63413507  |c 20091012 
801 2 |a RU  |b 63413507  |c 20091012  |g RCR 
942 |c BK